Statistics for Spanish to English (Easy)

Click here to take the quiz!

General Stats

  • This quiz has been taken 502 times
  • The average score is 11 of 15

Answer Stats

Spanish English % Correct
QueWhat
93%
RojoRed
91%
Por queWhy
90%
AzulBlue
90%
DondeWhere
85%
VerdeGreen
85%
ComoHow
83%
CuandoWhen
77%
PorqueBecause
73%
CuantoHow Much/How Many
71%
SerTo be
58%
TenerTo have
56%
DerechaRight
55%
A que horaAt what time
49%

Score Distribution

Percentile by Number Answered

Percent of People with Each Score

Your Score History

You have not taken this quiz